000
00363nam a2200157Ia 4500
008
090124s9999 xx 000 0 und d
082
_b
130262
245
_a
रॅम्बो
250
_a
1
260
_c
2001
300
_a
175
630
_a
रॅम्बो
700
_a
भट अविनाश
730
_a
रॅम्बो
942
_c
BOOK
999
_c
176351
_d
176351